Statistics for Rocky Horror - Science Fiction Lyrics

Click here to take the quiz!

General Stats

  • This quiz has been taken 281 times
  • The average score is 39 of 48

Answer Stats

HintAnswer% Correct
Then something went _____Wrong
98%
The Day the Earth _____ _____Stood Still
97%
Claude Rains was The _________ ManInvisible
96%
It came from _____ _____Outer Space
96%
For Fay Wray and ____ ____King Kong
95%
In silver _________Underwear
94%
To the late night, double feature, ________ ____Picture Show
93%
To the late night, double feature, ________ ____Picture Show
93%
To the late night, double feature, ________ ____Picture Show
93%
At the late night, double feature, ________ ____Picture Show
93%
At the late night, double feature, ________ ____Picture Show
93%
Forbidden ______Planet
91%
Forbidden ______Planet
91%
____ and _____Brad, Janet
88%
____ and _____Brad, Janet
88%
See ________ fighting (ooh ooh ooh)Androids
86%
See ________ fighting (ooh ooh ooh)Androids
86%
Will build a ________Creature
85%
Will build a ________Creature
85%
Michael Rennie was ___Ill
84%
They got caught in a celluloid ___Jam
84%
But he told us where we _____Stand
84%
And this is how the _______ ran...Message
83%
______ X (ooh ooh ooh)Doctor
82%
______ X (ooh ooh ooh)Doctor
82%
And _____ ______ was thereFlash Gordon
82%
And I really got ___Hot
82%
Wo, oh, __, oh, __, ohOh, Oh
82%
Wo, oh, __, oh, __, ohOh, Oh
82%
When I saw Janette _____Scott
81%
Anne Francis _____ in (ooh ooh ooh)Stars
81%
Anne Francis _____ in (ooh ooh ooh)Stars
81%
_______ _______ (ooh ooh ooh) ______ _______Science Fiction, Double Feature
79%
_______ _______ (ooh ooh ooh) ______ _______Science Fiction, Double Feature
79%
Said George Pal to his _____Bride
76%
Was over a ______Barrel
75%
I wanna __ (Oh oh oh oh)Go
75%
But When ______ CollideWorlds
75%
Then at a ______ paceDeadly
73%
Fight a Triffid that spits poison and _____Kills
72%
When _________ took to the hillsTarantula
66%
Gave ___ the runesHim
65%
In the ____ ___ (Oh oh oh oh)Back Row
60%
I'm gonna give you some ________ _______Terrible Thrills
58%
By _._._. (Oh oh oh oh)R.K.O.
57%
And passing them used lots of ______Skills
54%
I ____ Leo G. CarrollKnew
52%
Dana Andrews said ______Prunes
52%

Score Distribution

Percentile by Number Answered

Percent of People with Each Score

Your Score History

You have not taken this quiz